000 00421nmm a2200157Ia 4500
008 251105s9999||||xx |||||||||||||||||und||
020 _a8495602512
041 _aspa
100 _aBenavent, Joan
245 0 _aLa piel de los dioses
264 _a[Madrid, España] :
_bT&B Editores,
_c2003
300 _a358 páginas
650 _aFilm studies
856 _uhttps://public.digitaliapublishing.com/a/3780
942 _cCF
999 _c73958
_d73958